UBT Library

Panzer. A Revolution in Warfare, 1939-1945 (Record no. 48949)

000 -LEADER
fixed length control field 00304nam a22001337a 4500
008 - FIXED-LENGTH DATA ELEMENTS--GENERAL INFORMATION
fixed length control field 181006b xxu||||| |||| 00| 0 eng d
020 ## - INTERNATIONAL STANDARD BOOK NUMBER
International Standard Book Number 18567
041 ## - LANGUAGE CODE
Language code of text/sound track or separate title eng
080 ## - UNIVERSAL DECIMAL CLASSIFICATION NUMBER
Universal Decimal Classification number 941
100 ## - Rafti
Rafti 17
101 ## - Shkurtesa
Shkurtesa HIS
245 ## - TITLE STATEMENT
Title Panzer. A Revolution in Warfare, 1939-1945
Statement of responsibility, etc Edwards, R
942 ## - ADDED ENTRY ELEMENTS (KOHA)
Source of classification or shelving scheme
Item type Books
Holdings
Withdrawn status Lost status Source of classification or shelving scheme Damaged status Not for loan Collection code Permanent location Current location Shelving location Date acquired Total Checkouts Full call number Barcode Date last seen Price effective from Koha item type
          Koleksioni i përgjithshem UBT - Lipjan UBT - Lipjan Koleksioni i përgjithshem 10/06/2018   941 EDW 002-3014053 10/06/2018 10/06/2018 Books
UBT Library © 2015-2024. All rights reserved University Education for Business and Technology